Countries by audio pronunciation - Statistics

General Stats
  • This quiz has been taken 665 times
  • The average score is 14 of 15
Answer Stats
pronunciation Country % Correct
Japan
96%
republic of { Indonesia}
96%
United kingdom
96%
New Zealand
94%
Brazil
93%
Canada
93%
Germany
93%
Portugal
93%
south Africa
93%
Cuba
92%
Mexico
92%
Panama
92%
Kazakhstan
91%
Samoa
89%
Sudan
89%
No matching quizzes found
Score Distribution
Percent of People with Each Score
Percentile by Number Answered
Your Score History
You have not taken this quiz